Youth revival letters : (Record no. 7873)

MARC details
000 -LEADER
fixed length control field 00490 a2200169 4500
003 - CONTROL NUMBER IDENTIFIER
control field GBCCL
005 - DATE AND TIME OF LATEST TRANSACTION
control field 20241126110638.0
008 - FIXED-LENGTH DATA ELEMENTS--GENERAL INFORMATION
fixed length control field 190110b ||||| |||| 00| 0 eng d
040 ## - CATALOGING SOURCE
Transcribing agency gbc
082 ## - DEWEY DECIMAL CLASSIFICATION NUMBER
Classification number 269.2409
Item number STA
100 ## - MAIN ENTRY--PERSONAL NAME
Personal name Stanley, R
9 (RLIN) 14015
245 ## - TITLE STATEMENT
Title Youth revival letters :
Remainder of title an unedited revival history from original leaders, 1970-1990
260 ## - PUBLICATION, DISTRIBUTION, ETC.
Place of publication, distribution, etc. Vellore:
Name of publisher, distributor, etc. Blessing youth mission.
Date of publication, distribution, etc. 2015
300 ## - PHYSICAL DESCRIPTION
Extent 1024
650 ## - SUBJECT ADDED ENTRY--TOPICAL TERM
Topical term or geographic name entry element Revival
Form subdivision youth
General subdivision history
9 (RLIN) 14016
942 ## - ADDED ENTRY ELEMENTS (KOHA)
Source of classification or shelving scheme Dewey Decimal Classification
Koha item type Books
Koha issues (borrowed), all copies 1
Holdings
Withdrawn status Lost status Source of classification or shelving scheme Damaged status Not for loan Home library Current Library Shelving location Date acquired Source of acquisition Cost, normal purchase price Total checkouts Full call number Barcode Date last seen Date last checked out Copy number Cost, replacement price Price effective from Koha item type
    Dewey Decimal Classification     GRACE BIBLE COLLEGE GRACE BIBLE COLLEGE Ministry & Mission 2018-10-11 6 650.00 2 269.2409 STA 014892 2025-05-01 2025-02-28 c.1 550.00 2018-10-11 Books
© Grace Bible College Library 2025